Le juste et l'utile (Record no. 48318)

MARC details
000 -LEADER
campo de control de longitud fija 00680nam a22002055i 4500
001 - NÚMERO DE CONTROL
campo de control 48318
003 - IDENTIFICADOR DE NÚMERO DE CONTROL
campo de control ES-MaACL
005 - FECHA Y HORA DE LA ÚLTIMA TRANSACCIÓN
campo de control 20250721062605.0
007 - CAMPO FIJO DE DESCRIPCIÓN FÍSICA--INFORMACIÓN GENERAL
campo de control de longitud fija t|
008 - DATOS DE LONGITUD FIJA--INFORMACIÓN GENERAL
campo de control de longitud fija 950713s1859 fr ||||1| fre d
040 ## - FUENTE DE CATALOGACIÓN
Centro catalogador/agencia de origen CAM
Lengua de catalogación spa
Centro/agencia transcriptor CAM
100 1# - ENTRADA PRINCIPAL--NOMBRE DE PERSONA
Nombre de persona Dameth, H.
9 (RLIN) 42566
245 13 - MENCIÓN DEL TÍTULO
Título Le juste et l'utile
Resto del título : ou rapports de l'économie politique avec la morale /
Mención de responsabilidad, etc. par H. Dameth...
260 ## - PUBLICACIÓN, DISTRIBUCIÓN, ETC.
Lugar de publicación, distribución, etc. Paris :
Nombre del editor, distribuidor, etc. Guillaumin et Cie. ;
Lugar de publicación, distribución, etc. Genéve :
Nombre del editor, distribuidor, etc. Joel Cherbuliez,
Fecha de publicación, distribución, etc. 1859 (
Lugar de fabricación/manufactura Genéve :
Fabricante imprimerie Pfeffer & Puky)
300 ## - DESCRIPCIÓN FÍSICA
Extensión [4], XVII, 485 p. ;
Dimensiones 21 p.
650 07 - PUNTO DE ACCESO ADICIONAL DE MATERIA--TÉRMINO DE MATERIA
Término de materia o nombre geográfico como elemento de entrada Economía
Fuente del encabezamiento o término embne
9 (RLIN) 12006
650 #7 - PUNTO DE ACCESO ADICIONAL DE MATERIA--TÉRMINO DE MATERIA
Término de materia o nombre geográfico como elemento de entrada Ética
Fuente del encabezamiento o término embne
9 (RLIN) 12577
852 ## - LOCALIZACIÓN
Ubicación ES-MaACL
Número de control de estantería G-12135
Holdings
Estatus retirado Estado de pérdida Estado de daño No para préstamo Colección Biblioteca de origen Biblioteca actual Ubicación en estantería Fecha de adquisición Fuente de adquisición Total de préstamos Signatura topográfica completa Código de barras Visto por última vez Precio de reemplazo Tipo de ítem Koha
        Libros del s. XIX Biblioteca del Ateneo de Madrid Biblioteca del Ateneo de Madrid Sala Pecera Planta 3 17/01/2008     G-12135 1050850 23/02/2023 23/02/2023 Libro impreso antiguo